00897cam a2200205 a 450000500170000002000340001704000330005108200160008410000170010024500670011726000320018430000340021650400520025052002930030254600090059565000220060465000200062665000300064670000150067620250928112926.0 a9781412910125 cTZS 71,672.22 aMCCLbeng.eAACR 2nd rev.ed.04a658.022 DOW1 aDown, Simon,10aEnterprise, entrepreneurship and small business /cSimon Down. aLos Angeles :bSAGE,c2010. axiv, 234 p. :bill. ;c23 cm. aIncludes bibliographical references and index. aThis textbook covers core themes and topics in the study of enterprise and looks at subjects that are often ignored, such as criminal entrepreneurs. It explores the processes of entrepreneuring, managing small enterprises, and the implications of working in an entrepreneurial corporation aeng. 0aEntrepreneurship. 0aSmall business. 0aNew business enterprises. aSimon Down